01920nam a2200193Ia 4500001001300000003001000013008004100023040002500064041000700089100003200096245008700128250001100215260003300226300001200259500132700271650006501598700003401663700002901697b6461-46451 IT-MiCISF161014s9999||||xx |||||||||||||| ||und|| aIT-MiCISFcIT-MiCISF ait aPianu Graziella (a cura di) 0aFamiglie in mutazione: la famiglia adottivabContributi per la formazione continua a1a ed. a MilanobFranco Angelic2008 app. 123 a / adozione, famiglia-adottiva, servizi-sociali, adozione-internazionale, esperienze, stato-di-abbandono, operatori-sociali, rapporti-operatori-utenti / Ai servizi pubblici territoriali viene demandato il compito di informazione e orientamento delle coppie richiedenti adozione nazionale e/o internazionale, di valutazione delle risorse e delle capacità genitoriali, di sostegno e potenziamento del nuovo ruolo genitoriale. Il volume presenta l'esperienza dell'Azienda USL Roma A, presso cui opera il Gruppo integrato di lavoro "Adozione e Affidamento", che coordina il lavoro di operatori sociali e sanitari. In questo ambito, la fase di preparazione delle coppie che intendono adottare un bambino rappresenta un percorso esplorativo delle risorse che una coppia può mettere in campo per fare il genitore di un bambino particolare. In questo percorso, gli operatori si pongono con una funzione di comprensione e di accoglienza anche di quelle fragilità che, nel tempo, possono trasformarsi in risorse. I materiali qui presentati costituiscono quindi un'importante occasione di approfondimento specialistico su questi temi, destinato agli operatori dei servizi territoriali, ai responsabili delle politiche locali, ai tecnici degli organismi di gestione, agli operatori e alle famiglie attive in enti e associazioni. a Genitorialità e problemi educativi / adozione-affidoe004 aCavalli Simonetta (a cura di) aNeudam Sonia (a cura di)